000 00322nam a22001457a 4500
008 210224b ||||| |||| 00| 0 eng d
020 _a9780205781737
041 _aeng
080 _22nd
_a37
082 _a37
100 _a25
101 _aEDU
245 _aThe writer's world
_cGaetz, L & Phadke, S
942 _2udc
_cBK
999 _c55149
_d55149